00771 a2200229 450000500170000001000140001702000230003103500130005403700130006708200080008010000280008824500630011625000120017926000420019127000730023330000250030665000340033170000090036594200270037499900170040195201230041820100810101119.0 aENG-99296 c120.00a8174430261 aEN-82828 bDBAD/PUB a350 aD. M. Ravi Kumar910283 aPublic administration model answers /cby D. M. Ravi Kumar a2nd ed. aHyderabadbPrachee Publicationsc2007 a3-3-589/1/A, 2nd Floor, Opp. Arya Samaj KachigudabHyderabade500027 a136 p. c28cm.(Pbk) aPublic administoration910284 99757 adplcEN2ddcmDMRh350 c40723d40723 001040718NFICaDBADbDBADd2010-08-10g120.00l0o350 DMRpEN-82828r2010-08-10 00:00:00t1v120.00w2010-08-10yEN